Bilancia pohybu obyvateľstva Slovenskej republiky v roku 1993

Salvato in:
Dettagli Bibliografici
Natura: Libro
Lingua:slovacco
Pubblicazione: Bratislava Štatistický úrad SR 1994
Serie:Slovenská štatistika
Soggetti:
Tags: Aggiungi Tag
Nessun Tag, puoi essere il primo ad aggiungerne!!

MARC

LEADER 00000nam a2200000 4500
001 c006023
005 20240509075830.9
041 0 |a slo 
044 |a SK 
245 1 0 |a Bilancia pohybu obyvateľstva Slovenskej republiky v roku 1993 
264 1 |a Bratislava  |b Štatistický úrad SR  |c 1994 
300 |a 217 s. 
490 1 |a Slovenská štatistika 
830 0 |a Slovenská štatistika 
610 2 0 |a Slovensko 
610 2 0 |a pohyb obyvateľstva